| 000 -LEADER |
| fixed length control field |
00828cam a2200241Ii 4500 |
| 020 ## - INTERNATIONAL STANDARD BOOK NUMBER |
| ISBN |
9781402091322 (electronic bk.) |
| 020 ## - INTERNATIONAL STANDARD BOOK NUMBER |
| ISBN |
140209132X (electronic bk.) |
| 040 ## - CATALOGING SOURCE |
| Transcribing agency |
GW5XE |
| 082 04 - DEWEY DECIMAL CLASSIFICATION NUMBER |
| Classification number |
631 IRR 1991 C157 Or. |
| 245 00 - TITLE STATEMENT |
| Title |
Rainfed farming systems / |
| 300 ## - PHYSICAL DESCRIPTION |
| Number of Pages |
1 online resource (xviii, 1337 pages) : |
| Other physical details |
illustrations |
| 650 #2 - SUBJECT ADDED ENTRY--TOPICAL TERM |
| Topical Term |
Agriculture. |
| 650 #2 - SUBJECT ADDED ENTRY--TOPICAL TERM |
| Topical Term |
Climatic Processes. |
| 650 #2 - SUBJECT ADDED ENTRY--TOPICAL TERM |
| Topical Term |
Stress, Physiological. |
| 650 #0 - SUBJECT ADDED ENTRY--TOPICAL TERM |
| Topical Term |
Dry farming. |
| 700 1# - ADDED ENTRY--PERSONAL NAME |
| Personal name |
Tow, P. G. |
| 710 2# - ADDED ENTRY--CORPORATE NAME |
| Corporate name or jurisdiction name as entry element |
Ohio Library and Information Network. |
| 710 2# - ADDED ENTRY--CORPORATE NAME |
| Corporate name or jurisdiction name as entry element |
SpringerLink (Online service) |
| 856 40 - ELECTRONIC LOCATION AND ACCESS |
| Uniform Resource Identifier |
http://rave.ohiolink.edu/ebooks/ebc/9781402091322 |
| 856 40 - ELECTRONIC LOCATION AND ACCESS |
| Uniform Resource Identifier |
http://dx.doi.org/10.1007/978-1-4020-9132-2 |
| 856 40 - ELECTRONIC LOCATION AND ACCESS |
| Uniform Resource Identifier |
http://proxy.ohiolink.edu:9099/login?url=http://dx.doi.org/10.1007/978-1-4020-9132-2 |
| 942 ## - ADDED ENTRY ELEMENTS (KOHA) |
| Koha item type |
ADB |
| 952 ## - LOCATION AND ITEM INFORMATION (KOHA) |
| Withdrawn status [LOCAL, KOHA] |
0 |